| 000 | 00761nam a22002177a 4500 | ||
|---|---|---|---|
| 005 | 20170810110207.0 | ||
| 010 | _aBAC-EN21 | ||
| 020 |
_a9789383202317 _c295.00 |
||
| 035 | _aB-581174-191 | ||
| 035 | _aB-666155 | ||
| 037 |
_bPragati/Ven _adpl |
||
| 082 | _aN | ||
| 100 | _aDoyle, Christopher C | ||
| 245 |
_aThe Mahabharata secret/ _cby Christopher C Doyle |
||
| 260 |
_aNoida _bOm Books International _c2014 |
||
| 270 |
_aA-12, Sector 64 _bNoida _e201301 |
||
| 300 |
_axv, 382p. _c22cm. |
||
| 942 |
_2ddc _cEN _hN _mDOY |
||
| 999 |
_c89658 _d89658 |
||